01230nam a2200241 a 450000100060000000300090000600800410001502000130005604000280006908200180009724501360011526000310025130000140028250501330029659001000042965000490052965000470057865000470062594200120067299900170068495201530070195201340085420267CO-ViMGA141112s2004 ck r 000 u spa d a01246267 aCO-ViMGAbspacCO-ViMGA04a657 E771 200610aEstatuto de la profesión de contador público. Reglamento general de la contabilidad. Plan único de cuentas para comerciantes. aBogotá : bLegis, c2006 a356p + CD aEstatuto de la profesión de contador público Reglamento general de la contabilidad Plan único de cuentas para comerciantes aForma de adquisición : COMPRA 2006 - - Precio : 30000 - - Fecha de adquisición : MARZO 200614aCONTABILIDAD - LEGISLACION - COLOMBIA91511814aCONTADORES - LEGISLACION - COLOMBIA92927814aPLAN UNICO DE CUENTAS - LEGISLACION929279 2ddccBK c29288d29288 00102ddc40708002aMEVIECARbMEVIECARd2015-12-04hVolumen. 1 | 11/jun/2009l0o657 E771 2006 p20267r2019-05-29 00:00:00tEj. 1w2015-12-04yBK 001040708001aMEVIGERRbMEVIGERRcGENd2006-11-27o657 - C758pECA1031r2024-11-26 10:52:35tEj.1w2024-11-26yBKz2891 | 4008